| 000 | 00418nam a22001697a 4500 | ||
|---|---|---|---|
| 005 | 20160513151855.0 | ||
| 008 | 160513b xxu||||| |||| 00| 0 eng d | ||
| 020 | _a978-81-203-2956-0 | ||
| 041 | _aeng | ||
| 082 | _b2121 | ||
| 100 |
_aM.P. Gupta R.B. Khana _9543 |
||
| 245 | _aQuantitavie techiques for Dcision Making | ||
| 260 |
_aNew Delhi _bPHI, _c2007 |
||
| 300 | _a588 | ||
| 650 |
_aManagement _9241 |
||
| 942 | _cBK | ||
| 999 |
_c774 _d774 |
||